| 000 | 02440nam a22003493i 4500 | ||
|---|---|---|---|
| 001 | EBC6528010 | ||
| 003 | MiAaPQ | ||
| 005 | 20220329133833.0 | ||
| 007 | cr cnu|||||||| | ||
| 008 | 220322s2021 xx o ||||0 ger d | ||
| 020 |
_a9783835345843 _q(electronic bk.) |
||
| 020 | _z9783835338630 | ||
| 040 |
_aMiAaPQ _beng _cMiAaPQ |
||
| 100 | 1 |
_aBeyer, Andreas. _94573 |
|
| 245 | 1 | 0 |
_aBurckhardt. Renaissance : _bErkundungen und Relektüren eines Klassikers. |
| 250 | _a1st ed. | ||
| 264 | 1 |
_aGöttingen : _bWallstein Verlag, _c2021. |
|
| 264 | 4 | _c{copy}2021. | |
| 300 | _a1 online resource (192 pages) | ||
| 336 |
_aText _btxt _2rdacontent |
||
| 337 |
_aComputermedien _bc _2rdamedia |
||
| 338 |
_aOnline Resource _bcr _2rdacarrier |
||
| 500 | _aE-Book-ProQuest / Fernzugriff nach Registrierung möglich | ||
| 505 | 0 | _aUmschlag -- Titel -- Impressum -- Inhalt -- Andreas Beyer, Susanna Burghartz & -- Lucas Burkart: Jacob Burckhardt - ein conversation piece -- Alain Schnapp: Die Landschaft der Vergangenheit -- Aloys Winterling: Caesar und die Historische Größe bei Jacob Burckhardt -- Henriette Harich-Schwarzbauer: Künstlichkeit, nicht Kunst. Poesie und Rhetorik in ›Die Zeit Constantin's des Großen‹ -- Peter Geimer: »Zum Verbrennen« - Burckhardts Sprache -- Barbara Vinken: Die Mode der Renaissance. Burckhardts ›Cultur der Renaissance in Italien‹ -- Thomas Steinfeld: Der derangierte Vorposten. Figuren der Distanz in Jacob Burckhardts ›Cultur der Renaissance‹ -- Thomas Macho: Zwischen Geschichtsschreibung und Zeitkritik. Johan Huizingas Wahrnehmung Jacob Burckhardts -- Christine Tauber: Die »Renaissance française« zwischen Bürgerkultur und Modernekritik -- Pascal Griener: Burckhardt and Art in the Industrial Age. The Status of Sculpture -- Francesca Trivellato: A Missed Encounter: Burckhardt and the Economic Historians of Renaissance Florence -- Monica Juneja: Reading Culture through Art-Jacob Burckhardt in the twenty first century -- Dank. | |
| 655 | 4 | _aElectronic books. | |
| 655 |
_aFernzugriff _9230 |
||
| 700 | 1 |
_aBurghartz, Susanna. _94574 |
|
| 700 | 1 |
_aBurkart, Lukas. _94575 |
|
| 776 | 0 | 8 |
_iPrint version: _aBeyer, Andreas _tBurckhardt. Renaissance _dGöttingen : Wallstein Verlag,c2021 _z9783835338630 |
| 856 | 4 | 0 |
_uhttps://ebookcentral.proquest.com/lib/maxweberstiftung-ebooks/detail.action?docID=6528010 _zVolltext |
| 942 |
_cEB _2z |
||
| 999 |
_c59588 _d59588 |
||